| 000 | 01337cam a22004573a 4500 | ||
|---|---|---|---|
| 001 | 14154315 | ||
| 003 | OSt | ||
| 005 | 20140310184239.0 | ||
| 008 | 040929s2004 nyuab j 000 1 eng d | ||
| 010 | _a 2005577043 | ||
| 020 | _a0439405629 | ||
| 020 | _a9780439405621 | ||
| 035 | _a(OCoLC)ocm56595686 | ||
| 040 |
_aOCO _cOCO _dUPZ _dOCLCQ _dXY4 _dOCL _dBAKER _dDLC |
||
| 042 | _alccopycat | ||
| 050 | 0 | 0 |
_aPZ 7 _b.L345g6 2004 |
| 100 | 1 |
_aLasky, Kathryn. _96040 |
|
| 245 | 1 | 4 |
_aThe burning / _cKathryn Lasky. |
| 260 |
_aNew York : _bScholastic, _c2004. |
||
| 300 |
_a210 p. : _bill., map ; _c20 cm. |
||
| 490 | 0 | _aApple series | |
| 490 | 1 |
_aGuardians of Ga'Hoole ; _vbk. 6 |
|
| 521 | _aG6 | ||
| 526 | _c800 | ||
| 650 | 0 |
_aOwls _vJuvenile fiction. _924297 |
|
| 650 | 0 |
_aFantasy. _93293 |
|
| 655 | 7 |
_aFantasy fiction. _2gsafd _93053 |
|
| 655 | 7 |
_aChildren's stories. _2lcsh _93012 |
|
| 710 | 2 |
_aCopyright Paperback Collection (Library of Congress) _5DLC _9705 |
|
| 800 | 1 |
_aLasky, Kathryn. _tGuardians of Ga'Hoole ; _vbk 6. _924298 |
|
| 906 |
_a7 _bcbc _ccopycat _d2 _encip _f20 _gy-genrareb |
||
| 942 |
_2lcc _cBK-SCHOLAS |
||
| 999 |
_c33243 _d33243 |
||